000 01097cam a2200313 i 4500
999 _c29037
_d29037
001 19271663
003 OSt
005 20170926153220.0
008 160913s2016 tz a 000 0beng
010 _a 2016342156
020 _a9789987753604
040 _aDLC
_beng
_cDLC
_erda
042 _alcode
_apcc
043 _af-ke---
050 0 0 _aPN5499.D45 2016
100 1 _aBoy, Gordon.
245 1 0 _aMy camera, my life :
_bSir Mohinder Dhillion /
_cnarrated to and written by Gordon Boy and David Kaiza.
264 1 _aDar es Salaam, Tanzania :
_bMkuki na Nyota Publishers Ltd.,
_c[2016]
300 _a3 volumes :
_billustrations (some color) ;
_c23 cm
336 _atext
_2rdacontent
337 _aunmediated
_2rdamedia
338 _avolume
_2rdacarrier
505 0 _apt. 1. 1931-1966 -- pt. 2. 1967-1985 -- pt. 3. 1986-.
600 1 0 _aDhillon, Mohinder,
_d1931-
650 0 _aPhotojournalists
_zKenya
_vBiography.
700 1 _aKaiza, David.
906 _a7
_bcbc
_corigode
_d2
_encip
_f20
_gy-gencatlg
942 _2lcc
_cBOOK
_hPN5499.D45 2016